| 000 | 01268cam a2200349 a 4500 | ||
|---|---|---|---|
| 999 |
_c79601 _d316878 |
||
| 001 | 15850927 | ||
| 003 | Ma-Un | ||
| 005 | 20211229110814.0 | ||
| 008 | 090804s2007 enk b 000 0 eng | ||
| 010 | _a 2009280190 | ||
| 015 |
_aGBA746702 _2bnb |
||
| 016 | 7 |
_a013771454 _2Uk |
|
| 020 | _a9781119257691 | ||
| 035 | _a(OCoLC)ocn137313942 | ||
| 040 |
_aERL _cERL _dYDXCP _dUKM _dNLGGC _dTXH _dBTCTA _dUAB _dBAKER _dOSU _dDLC |
||
| 042 | _alccopycat | ||
| 050 | 0 | 0 |
_aP302 _b.W5327 2007 |
| 082 | 0 | 4 |
_a401.41 _bJBD _222 |
| 100 | 1 |
_aJohnstone, Barbara. _989027 |
|
| 245 | 1 | 0 |
_aDiscourse analysis / _cBarbara Johnstone. |
| 250 | _a3rd ed. | ||
| 260 |
_aHoboken, NJ : _bJohn Wiley & Sons, Inc, _c2018. |
||
| 300 |
_axvi, 290 p. ; _c24 cm. |
||
| 440 | 0 |
_aOxford introductions to language study _946072 |
|
| 504 | _aIncludes bibliographical references (p. 117-126). | ||
| 650 | 0 |
_aDiscourse analysis. _989028 |
|
| 650 | 0 |
_aSociolinguistics. _989029 |
|
| 856 | 4 | 2 |
_3Publisher description _uhttp://www.loc.gov/catdir/enhancements/fy0916/2009280190-d.html |
| 906 |
_a7 _bcbc _ccopycat _d2 _encip _f20 _gy-gencatlg |
||
| 942 |
_2ddc _cBOOK |
||